01715nam a2200277 a 4500001001000000005001700010008004100027041000800068044000700076084002100083100004500104245009500149260003600244300002200280500023300302500015400535500022300689500019100912500004201103650005201145650005601197650003401253650004501287700005501332740005001387BRCA_261620190320203907.0281108s1879----fr-a---###---#000-0dspa-u aspa afr a185b.G376c18791 aCervantes Saavedra, Miguel ded1547-161610aEl Ingenioso Hidalgo Don Quijote de la Manchaccompuesto por Miguel de Cervantes Saavedra. aParísbGarnier hermanosc1879 a2 v.bil.c20 cm. aContenido : v 1. Primera parte. Retrato de Cervantes. Vida de Cervantes por Aribau. Dedicatoria del autor. Prólogo del autor. Versos preliminares. Texto. -- v 2. Segunda parte. Dedicatoria del autor. Prólogo del autor. Texto aEdición : Edición conforme a la última corregida por la Academia Española, con la vida del autor y notas para la buena inteligencia del texto aReproducción de la edición, publicada por los mismos editores, en 1873, pero en papel inferior y de marca más pequeña. Semipergamino. Ejemplar desgastado. Además, falta la portada del vol. II Lúdovik Osterc aEstado físico : El volúmen 1 se encuentra ligeramente desprendido del lomo. Mientras que la segunda guarda tiene varias notas escritas con tinta de puño y letra del Sr. Franz Mayer aCon ex-libris de : Peter Van der Laan14aNovela españolayÉpoca clásica, 1500-170014aLiteratura españolayÉpoca clásica, 1500-170014aNovela españolaySiglo XVII14aDon Quijote (Personaje ficticio)eNovela1 aBuenaventura, Carlos Aribaud1798-1862eBiógrafo0 aEl Ingenioso Hidalgo Don Quijote de la Mancha